| 000 | 00990nam a22002297a 4500 | ||
|---|---|---|---|
| 001 | 38973 | ||
| 003 | BD-RjUL | ||
| 005 | 20211209052907.0 | ||
| 008 | 160324r20122009bg ||| |||| 00| 0 beben | ||
| 020 |
_a9789845060790 _c: Tk. 250.00 |
||
| 035 | _a(BD-RjUL)39083 | ||
| 040 |
_aBD-RjUL _bben _cBD-RjUL |
||
| 041 | _aben | ||
| 082 |
_223 _a954.14 _bHOD 2012 |
||
| 100 |
_aহক, মফিদুল _9120324 |
||
| 245 |
_aদেশভাগ, সাম্প্রদায়িকতা এবং সম্প্রীতির সাধনা / _cমফিদুল হক |
||
| 260 |
_aঢাকা : _bদি ইউনিভার্সিটি প্রেস লিমিটেড, _c২০০৯ [মুদ্রণ ২০১২]. |
||
| 300 |
_ax, ১৪২পৃ.; _c২১ সেমি. |
||
| 650 |
_aবাংলা (ভারত) _9120325 _xইতিহাস _yদেশভাগ-১৯৪৭ |
||
| 650 |
_2 _aBangla (India) _9120326 _xHistory _yParatation-1947 |
||
| 942 |
_2ddc _cBK |
||
| 999 |
_c38973 _d38973 |
||